[Event "Rottach Egern Seniors Cup 9th"]
[Site "Rottach Egern"]
[Date "2021.10.23"]
[Round "2"]
[White "Eulering, Georg"]
[Black "Beck, Gerald1111"]
[Result "0-1"]
[WhiteElo "2071"]
[BlackElo "1928"]
[PlyCount "62"]
[EventDate "2021.10.22"]
[EventType "swiss"]
[EventRounds "7"]
[EventCountry "GER"]
[SourceTitle "CBM 204 Extra"]
[Source "ChessBase"]
[SourceDate "2021.11.30"]
[SourceVersion "1"]
[SourceVersionDate "2021.11.30"]
[SourceQuality "1"]

1. e4 e5 2. Nf3 Nc6 3. c3 Nf6 4. d4 Nxe4 5. d5 Bc5 6. dxc6 Bxf2+ 7. Ke2 Bb6 8. Qd5 Nf2 9. cxb7 Bxb7 10. Qxb7 Nxh1 11. Qe4 f6 12. c4 Nf2 13. Qc2 e4 14. c5 Nd3 15. cxb6 Nxc1+ 16. Qxc1 exf3+ 17. Kxf3 axb6 18. Bc4 Qe7 19. Nc3 0-0-0 20. Nd5 Qe5 21. Qf4 Rhe8 22. Rc1 Qxf4+ 23. Kxf4 Kb7 24. Ba6+ Kxa6 25. Nxc7+ Kb7 26. Nxe8 Rxe8 27. Rc2 d6 28. g4 Re5 29. h4 h5 30. Rg2 g5+ 31. hxg5 fxg5+ 0-1

[Event "Hofheim Spring op-A 1st"]
[Site "Hofheim"]
[Date "2013.04.05"]
[Round "6"]
[White "Eulering, Georg"]
[Black "Will, Dominik"]
[Result "1/2-1/2"]
[WhiteElo "2136"]
[BlackElo "2098"]
[PlyCount "84"]
[EventDate "2013.04.02"]
[EventType "swiss"]
[EventRounds "9"]
[EventCountry "GER"]
[SourceTitle "CBM 153 Extra"]
[Source "ChessBase"]
[SourceDate "2013.04.22"]
[SourceVersion "1"]
[SourceVersionDate "2013.04.22"]
[SourceQuality "1"]

1. e4 c5 2. c3 d6 3. d4 Nf6 4. Bd3 g6 5. Nf3 Bg7 6. 0-0 0-0 7. dxc5 dxc5 8. Qe2 Nc6 9. h3 Qc7 10. Nh2 Nh5 11. Qe3 b6 12. Be2 Be5 13. Ng4 Bf4 14. Qd3 Rd8 15. Qf3 Ne5 16. Nxe5 Qxe5 17. Na3 Bb7 18. Bd3 Bxc1 19. Raxc1 Nf4 20. Bc2 Ba6 21. Rfe1 Qg5 22. c4 Bb7 23. Rcd1 Ne6 24. Qe3 Qe5 25. Qc3 Qxc3 26. bxc3 Rxd1 27. Rxd1 Rd8 28. Rxd8+ Nxd8 29. f3 a6 30. Bd3 f5 31. Kf2 Nc6 32. Nc2 Ne5 33. Be2 e6 34. Ke3 Kf7 35. Ne1 g5 36. g3 Bc6 37. f4 Nd7 38. Bd1 Kg6 39. Nd3 gxf4+ 40. gxf4 a5 41. Nf2 e5 42. Nd3 Kg7 1/2-1/2

[Event "Hofheim Spring op-A 1st"]
[Site "Hofheim"]
[Date "2013.04.04"]
[Round "5"]
[White "Schroeder, Jan Christian"]
[Black "Eulering, Georg"]
[Result "1-0"]
[WhiteElo "2285"]
[BlackElo "2136"]
[PlyCount "41"]
[EventDate "2013.04.02"]
[EventType "swiss"]
[EventRounds "9"]
[EventCountry "GER"]
[SourceTitle "CBM 153 Extra"]
[Source "ChessBase"]
[SourceDate "2013.04.22"]
[SourceVersion "1"]
[SourceVersionDate "2013.04.22"]
[SourceQuality "1"]

1. e4 c5 2. Nf3 Nf6 3. Nc3 Nc6 4. d4 d5 5. dxc5 d4 6. Ne2 e5 7. Ng3 Bxc5 8. Bc4 Be6 9. Bxe6 fxe6 10. 0-0 0-0 11. a3 Qc7 12. Qd3 Rac8 13. Bd2 h6 14. Rac1 Bb6 15. b4 Nd7 16. Qb3 Rf6 17. Nh5 Qd8 18. Nxf6+ Qxf6 19. c4 Rf8 20. c5 Bd8 21. b5 1-0

[Event "Hofheim Spring op-A 1st"]
[Site "Hofheim"]
[Date "2013.04.03"]
[Round "2"]
[White "Eulering, Georg"]
[Black "Fischer, Alexander"]
[Result "1/2-1/2"]
[WhiteElo "2136"]
[BlackElo "2022"]
[PlyCount "43"]
[EventDate "2013.04.02"]
[EventType "swiss"]
[EventRounds "9"]
[EventCountry "GER"]
[SourceTitle "CBM 153 Extra"]
[Source "ChessBase"]
[SourceDate "2013.04.22"]
[SourceVersion "1"]
[SourceVersionDate "2013.04.22"]
[SourceQuality "1"]

1. e4 c6 2. d4 d5 3. Nc3 dxe4 4. Nxe4 Bf5 5. Ng3 Bg6 6. N1e2 e6 7. Nf4 Bd6 8. Bc4 Qc7 9. Ngh5 Bxh5 10. Nxh5 g6 11. Ng3 Bf4 12. Qf3 Bxc1 13. Rxc1 Nd7 14. 0-0 Ngf6 15. Bb3 0-0 16. c4 Qb6 17. Rcd1 Kg7 18. Rfe1 Rad8 19. Ne4 Nxe4 20. Qxe4 Qc7 21. Re3 c5 22. Qh4 1/2-1/2

[Event "Hofheim Spring op-A 1st"]
[Site "Hofheim"]
[Date "2013.04.02"]
[Round "1"]
[White "Danin, Alexandre"]
[Black "Eulering, Georg"]
[Result "1-0"]
[WhiteElo "2575"]
[BlackElo "2136"]
[PlyCount "77"]
[EventDate "2013.04.02"]
[EventType "swiss"]
[EventRounds "9"]
[EventCountry "GER"]
[SourceTitle "CBM 153 Extra"]
[Source "ChessBase"]
[SourceDate "2013.04.22"]
[SourceVersion "1"]
[SourceVersionDate "2013.04.22"]
[SourceQuality "1"]

1. e4 c5 2. Nf3 Nf6 3. e5 Nd5 4. Nc3 Nxc3 5. dxc3 Nc6 6. Bf4 h6 7. h4 Qc7 8. Bc4 e6 9. Qe2 b6 10. 0-0-0 Bb7 11. Rd2 0-0-0 12. Rhd1 Be7 13. Kb1 Rhg8 14. Bg3 Na5 15. Ba6 Bxa6 16. Qxa6+ Qb7 17. Qe2 Qc6 18. h5 Nb7 19. b3 b5 20. Kb2 a6 21. Rd3 g5 22. hxg6 fxg6 23. Rg1 Rgf8 24. Nd2 Rf5 25. Ne4 h5 26. Rgd1 Qc7 27. f3 Qc6 28. Bh2 h4 29. Qd2 g5 30. Qe2 Qc7 31. Nf2 Bf8 32. R3d2 Bg7 33. Ng4 Na5 34. Rd6 Nc6 35. Qe3 Bf8 36. R6d2 Qb8 37. Qe4 Qc7 38. Nf6 Be7 39. Rxd7 1-0

[Event "Leverkusen Bayer op 10th"]
[Site "Leverkusen"]
[Date "2012.01.25"]
[Round "2"]
[White "Eulering, Georg"]
[Black "Bigott, Martin"]
[Result "0-1"]
[WhiteElo "2064"]
[BlackElo "1778"]
[PlyCount "82"]
[EventDate "2012.01.11"]
[EventType "swiss"]
[EventRounds "7"]
[EventCountry "GER"]
[SourceTitle "EXT 2014"]
[Source "ChessBase"]
[SourceDate "2013.11.20"]
[SourceVersion "1"]
[SourceVersionDate "2013.11.20"]
[SourceQuality "1"]

1. e4 Nf6 2. e5 Nd5 3. d4 d6 4. c4 Nb6 5. exd6 exd6 6. Nc3 N8d7 7. Bd3 Nf6 8. Nge2 Bg4 9. Be3 Be7 10. Qc2 0-0 11. h3 Bh5 12. Nf4 Bg6 13. Nxg6 fxg6 14. 0-0-0 c6 15. Rhe1 d5 16. c5 Nbd7 17. Ne2 b6 18. Nf4 bxc5 19. Ne6 Qa5 20. Nxf8 Bxf8 21. Qc3 Qxa2 22. dxc5 Rb8 23. Qa3 Qxa3 24. bxa3 Nxc5 25. Kc2 Nxd3 26. Rxd3 c5 27. Rb3 Rc8 28. Rb7 d4 29. Bd2 c4 30. Bb4 d3+ 31. Kd2 Nd5 32. Bxf8 Rxf8 33. f3 Rc8 34. Rd7 Nf4 35. Ree7 c3+ 36. Ke3 Nd5+ 37. Rxd5 c2 38. Rd8+ Rxd8 39. Kd2 Rb8 40. Rxa7 Rb1 41. Rc7 Rd1+ 0-1

[Event "Feffernitz Raika op 20th"]
[Site "Feffernitz"]
[Date "2011.08.25"]
[Round "6"]
[White "Maryasin, Boris Feliksovich"]
[Black "Eulering, Georg"]
[Result "1-0"]
[WhiteElo "2321"]
[BlackElo "2112"]
[PlyCount "33"]
[EventDate "2011.08.21"]
[EventType "swiss"]
[EventRounds "9"]
[EventCountry "AUT"]
[SourceTitle "CBM 144 Extra"]
[Source "ChessBase"]
[SourceDate "2011.10.28"]
[SourceVersion "1"]
[SourceVersionDate "2011.10.28"]
[SourceQuality "1"]

1. e4 Nf6 2. e5 Nd5 3. d4 d6 4. f4 dxe5 5. fxe5 c5 6. Nf3 cxd4 7. Qxd4 Bf5 8. Nc3 e6 9. Nxd5 Qxd5 10. Qxd5 exd5 11. Nd4 Be4 12. Bb5+ Kd8 13. Rf1 a6 14. Bg5+ Be7 15. Rxf7 axb5 16. Rxe7 Kc8 17. Nxb5 1-0

[Event "Feffernitz Raika op 20th"]
[Site "Feffernitz"]
[Date "2011.08.21"]
[Round "2"]
[White "Eulering, Georg"]
[Black "Piber, Vinko"]
[Result "1-0"]
[WhiteElo "2112"]
[BlackElo "1822"]
[PlyCount "93"]
[EventDate "2011.08.21"]
[EventType "swiss"]
[EventRounds "9"]
[EventCountry "AUT"]
[SourceTitle "CBM 144 Extra"]
[Source "ChessBase"]
[SourceDate "2011.10.28"]
[SourceVersion "1"]
[SourceVersionDate "2011.10.28"]
[SourceQuality "1"]

1. e4 e5 2. Nf3 Nc6 3. c3 Nf6 4. d4 exd4 5. e5 Ng4 6. cxd4 d6 7. h3 Nh6 8. Bb5 a6 9. Bxc6+ bxc6 10. Qc2 Qd7 11. Bxh6 gxh6 12. Nbd2 d5 13. Nb3 Bb4+ 14. Nfd2 0-0 15. Rc1 Bb7 16. 0-0 Rae8 17. f4 f5 18. Nc5 Bxc5 19. dxc5 a5 20. Nf3 Re6 21. Nd4 Rg6 22. Rf3 Kh8 23. Rcf1 Bc8 24. R1f2 Qg7 25. Ra3 Rg3 26. Rff3 Rxf3 27. Rxf3 Rg8 28. Ra3 h5 29. Qf2 Ba6 30. Nxf5 Qf8 31. Nh4 Bc8 32. f5 Qh6 33. e6 Qf6 34. Rd3 Ba6 35. Qd4 Qxd4+ 36. Rxd4 Kg7 37. Ra4 Kf6 38. Kf2 Bd3 39. Rxa5 Bxf5 40. Nxf5 Kxf5 41. Ra6 Rg7 42. Rxc6 d4 43. b4 d3 44. Ke3 Rg3+ 45. Kd2 Ke4 46. e7 Rxg2+ 47. Kc3 1-0

[Event "Maastricht Limburg op-A 5th"]
[Site "Maastricht"]
[Date "2011.06.13"]
[Round "3"]
[White "Bomans, Arno"]
[Black "Eulering, Georg"]
[Result "1/2-1/2"]
[WhiteElo "2200"]
[BlackElo "2104"]
[PlyCount "33"]
[EventDate "2011.06.10"]
[EventType "swiss"]
[EventRounds "7"]
[EventCountry "NED"]
[SourceTitle "CBM 142 Extra"]
[Source "ChessBase"]
[SourceDate "2011.06.27"]
[SourceVersion "1"]
[SourceVersionDate "2011.06.27"]
[SourceQuality "1"]

1. d4 Nf6 2. c4 e6 3. Nc3 Bb4 4. Qc2 Nc6 5. Nf3 0-0 6. e4 d6 7. a3 Bxc3+ 8. bxc3 e5 9. Bd3 Bg4 10. d5 Ne7 11. Be3 Nd7 12. Nd2 Nc5 13. 0-0 Ng6 14. f3 Bd7 15. g3 Nxd3 16. Qxd3 b6 17. g4 1/2-1/2

[Event "Cologne Longerich op 7th"]
[Site "Cologne"]
[Date "2010.07.31"]
[Round "3"]
[White "Eulering, Georg"]
[Black "Wickenfeld, Stefan"]
[Result "1-0"]
[WhiteElo "2079"]
[BlackElo "1920"]
[PlyCount "83"]
[EventDate "2010.07.30"]
[EventType "swiss"]
[EventRounds "5"]
[EventCountry "GER"]
[SourceTitle "EXT 2011"]
[Source "ChessBase"]
[SourceDate "2010.11.26"]
[SourceVersion "1"]
[SourceVersionDate "2010.11.26"]
[SourceQuality "1"]

1. e4 c5 2. c3 Nf6 3. e5 Nd5 4. d4 cxd4 5. Qxd4 e6 6. Nf3 Nc6 7. Qe4 f5 8. Qe2 b6 9. g3 Bb7 10. Bg2 Be7 11. 0-0 0-0 12. Rd1 Qe8 13. c4 Nc7 14. Nc3 Rd8 15. Bf4 Qh5 16. a3 g5 17. Nxg5 Qxe2 18. Nxe2 Ba6 19. b3 Na5 20. Nd4 b5 21. cxb5 Nxb5 22. Nxb5 Bxb5 23. b4 Nc6 24. Nf3 a5 25. Nd4 Nxd4 26. Rxd4 a4 27. Bf1 Bc6 28. b5 Bd5 29. Rxa4 Rc8 30. Ra7 Rc3 31. a4 Bc5 32. Rxd7 Rf3 33. Be3 Bxe3 34. fxe3 Rxe3 35. Bg2 Bxg2 36. Kxg2 Rc8 37. Rd2 Rxe5 38. Rb2 Rb8 39. b6 Ra5 40. Rb4 Kf8 41. Rc1 Ra6 42. b7 1-0

[Event "Erbendorf op"]
[Site "Erbendorf"]
[Date "2009.06.13"]
[Round "6"]
[White "Kues, Manuel"]
[Black "Eulering, Georg"]
[Result "0-1"]
[WhiteElo "1933"]
[BlackElo "2103"]
[PlyCount "98"]
[EventDate "2009.06.11"]
[EventType "swiss"]
[EventRounds "7"]
[EventCountry "GER"]
[SourceTitle "CBM 130 Extra"]
[Source "ChessBase"]
[SourceDate "2009.07.02"]
[SourceVersion "2"]
[SourceVersionDate "2009.07.15"]
[SourceQuality "1"]

1. e4 Nf6 2. Nc3 d5 3. e5 Ne4 4. Nxe4 dxe4 5. d4 exd3 6. Qxd3 Qxd3 7. Bxd3 Nc6 8. f4 f6 9. Nf3 fxe5 10. Nxe5 Nxe5 11. fxe5 Be6 12. Be3 g6 13. 0-0 Bg7 14. Bd4 c6 15. Rf2 Rf8 16. Rxf8+ Kxf8 17. Rf1+ Kg8 18. Bc5 Bf8 19. b3 b6 20. Ba3 Rd8 21. Re1 c5 22. h3 Bh6 23. g4 Bd2 24. Re2 Bc3 25. Bc1 b5 26. Bg5 c4 27. bxc4 bxc4 28. Be4 Bb4 29. c3 Bxc3 30. Bxe7 Rd1+ 31. Kg2 Rd2 32. Rxd2 Bxd2 33. a3 c3 34. Bb4 Bc4 35. Bc2 Kf7 36. Kf3 Bd5+ 37. Ke2 Ke6 38. Bd6 Bc4+ 39. Kf3 Kd5 40. Bb8 a6 41. Bc7 Kd4 42. Bb6+ Kxe5 43. Ba7 Bc1 44. a4 Ba3 45. Ke3 Bc1+ 46. Kf3 Bg5 47. Bb6 Bd5+ 48. Ke2 Be4 49. Bxe4 Kxe4 0-1

[Event "Erbendorf op"]
[Site "Erbendorf"]
[Date "2009.06.11"]
[Round "2"]
[White "Ovsejevitsch, Sergei"]
[Black "Eulering, Georg"]
[Result "1-0"]
[WhiteElo "2580"]
[BlackElo "2103"]
[PlyCount "95"]
[EventDate "2009.06.11"]
[EventType "swiss"]
[EventRounds "7"]
[EventCountry "GER"]
[SourceTitle "CBM 130 Extra"]
[Source "ChessBase"]
[SourceDate "2009.07.02"]
[SourceVersion "2"]
[SourceVersionDate "2009.07.15"]
[SourceQuality "1"]

1. d4 g6 2. e4 Bg7 3. c4 d6 4. Nc3 Nc6 5. Nge2 e5 6. d5 Nce7 7. Ng3 Bd7 8. Be2 Nf6 9. Be3 0-0 10. 0-0 h5 11. c5 Ng4 12. cxd6 cxd6 13. Bg5 f6 14. Bd2 Qb6 15. Qb3 Qxb3 16. axb3 h4 17. Nh1 Nh6 18. Nb5 Bxb5 19. Bxb5 Rfd8 20. f3 a6 21. Bd3 Nf7 22. Be1 h3 23. g3 Bh6 24. Kf2 f5 25. Ke2 fxe4 26. fxe4 Rf8 27. Nf2 Ng5 28. Bd2 Kh7 29. Ng4 Nf7 30. Rxf7+ Rxf7 31. Nxh6 Rff8 32. Ng4 Ng8 33. b4 Rac8 34. Bg5 Rc7 35. Be3 Nf6 36. Nxf6+ Rxf6 37. Kd2 Rcf7 38. Be2 Rf8 39. Rc1 R8f7 40. Bg4 Rf1 41. Bxh3 Rxc1 42. Kxc1 Rc7+ 43. Kd2 Rc4 44. Bg2 Kg7 45. b3 Rxb4 46. Kc3 Rb5 47. Bf1 Ra5 48. Kb4 1-0

[Event "Duisburg Grossenbaum op"]
[Site "Duisburg"]
[Date "2006.06.11"]
[Round "5"]
[White "Eulering, Georg"]
[Black "Stefkovic, Marijan"]
[Result "0-1"]
[WhiteElo "2031"]
[BlackElo "2135"]
[PlyCount "114"]
[EventDate "2006.06.02"]
[EventType "swiss"]
[EventRounds "7"]
[EventCountry "GER"]
[SourceTitle "EXT 2007"]
[Source "ChessBase"]
[SourceDate "2006.11.23"]
[SourceVersion "1"]
[SourceVersionDate "2006.11.23"]
[SourceQuality "1"]

1. e4 c5 2. c3 Qa5 3. g3 Nc6 4. Bg2 g6 5. f4 d6 6. Nf3 Bg7 7. 0-0 Nf6 8. d3 c4 9. h3 cxd3 10. Qxd3 0-0 11. Be3 Nd7 12. Nbd2 Nc5 13. Qc2 Qc7 14. Nd4 Nd7 15. Rac1 a6 16. N2b3 Rb8 17. Qf2 Na5 18. Nxa5 Qxa5 19. b3 Qc7 20. c4 Nc5 21. Rfd1 b6 22. e5 dxe5 23. Nc6 exf4 24. Bxf4 e5 25. Be3 Rb7 26. Nb4 e4 27. Nd5 Qe5 28. Nxb6 Rxb6 29. Bxc5 Rf6 30. Qe3 Bh6 31. Qd4 Qxd4+ 32. Bxd4 Rd6 33. Bc5 Bxc1 34. Bxd6 Be3+ 35. Kf1 Re8 36. Ke2 Bg5 37. Rd5 h6 38. Bf4 Bxf4 39. gxf4 f5 40. Ke3 g5 41. Re5 Rxe5 42. fxe5 Bb7 43. b4 f4+ 44. Kd4 f3 45. Bf1 h5 46. Ke3 Kf7 47. a4 Ke6 48. b5 Kxe5 49. c5 axb5 50. axb5 g4 51. hxg4 hxg4 52. c6 Ba8 53. b6 Bxc6 54. Ba6 g3 55. b7 Bxb7 56. Bxb7 g2 57. Kf2 Kf4 0-1

[Event "Duisburg Grossenbaum op"]
[Site "Duisburg"]
[Date "2006.06.04"]
[Round "4"]
[White "Pilat, Daniel"]
[Black "Eulering, Georg"]
[Result "1/2-1/2"]
[WhiteElo "2138"]
[BlackElo "2031"]
[PlyCount "65"]
[EventDate "2006.06.02"]
[EventType "swiss"]
[EventRounds "7"]
[EventCountry "GER"]
[SourceTitle "EXT 2007"]
[Source "ChessBase"]
[SourceDate "2006.11.23"]
[SourceVersion "1"]
[SourceVersionDate "2006.11.23"]
[SourceQuality "1"]

1. e4 Nf6 2. d3 d5 3. exd5 Nxd5 4. Be2 e5 5. Nf3 Nc6 6. 0-0 Be7 7. a3 a5 8. Nbd2 0-0 9. Nc4 Bf6 10. Re1 Re8 11. Bf1 h6 12. h3 Bf5 13. Nfd2 Bg6 14. Ne4 Be7 15. Ng3 Bc5 16. Be3 Nxe3 17. Nxe3 Qh4 18. Qg4 Qxg4 19. hxg4 a4 20. Nd5 Bd6 21. Ne4 Ra5 22. Ndc3 Nd4 23. Rac1 Be7 24. Ne2 Bxe4 25. Nxd4 Bg6 26. Ne2 Bg5 27. Rb1 Rd8 28. Red1 h5 29. gxh5 Bxh5 30. Re1 Rd6 31. Ng3 Bg6 32. Ne4 Bxe4 33. dxe4 1/2-1/2